|
|
|
|
| LEADER |
00000nam0a2200000 4500 |
| 001 |
162915 |
| 005 |
20231101222346.0 |
| 035 |
|
|
|a (RuTPU)RU\TPU\book\176703
|
| 090 |
|
|
|a 162915
|
| 100 |
|
|
|a 20090629d1965 k y0rusy50 ca
|
| 101 |
0 |
|
|a rus
|
| 102 |
|
|
|a RU
|
| 105 |
|
|
|a a dm 001zy
|
| 200 |
1 |
|
|a Исследование структуры и спекания еленинского каолина, богдановичских глин и технического глинозема, технологические пути их регулирования
|e автореферат диссертации на соискание ученой степени кандидата технических наук
|f Н. В. Семкина
|g Уральский политехнический институт им. С. М. Кирова ; науч. рук. П. С. Мамыкин
|
| 210 |
|
|
|c Изд-во Уральского политехнического института
|d 1965
|a Свердловск
|
| 215 |
|
|
|a 18 с.
|c ил.
|
| 320 |
|
|
|a Библиогр.: с. 18.
|
| 610 |
1 |
|
|a глины
|
| 610 |
1 |
|
|a глиноземы
|
| 610 |
1 |
|
|a каолины
|
| 610 |
1 |
|
|a спекание
|
| 610 |
1 |
|
|a структуры
|
| 610 |
1 |
|
|a исследование
|
| 610 |
1 |
|
|a регулирование
|
| 610 |
1 |
|
|a авторефераты диссертаций
|
| 675 |
|
|
|a 666.3
|v 3
|
| 700 |
|
1 |
|a Семкина
|b Н. В.
|
| 702 |
|
1 |
|a Мамыкин
|b П. С.
|4 727
|
| 712 |
0 |
2 |
|a Уральский политехнический институт им. С. М. Кирова
|c (Свердловск)
|c (1948-1992)
|2 stltpush
|3 (RuTPU)RU\TPU\col\1982
|9 23638
|
| 801 |
|
1 |
|a RU
|b 63413507
|c 20090629
|g PSBO
|
| 801 |
|
2 |
|a RU
|b 63413507
|c 20100310
|g RCR
|
| 942 |
|
|
|c BK
|